| 000 | 00474nam a2200145Ia 4500 | ||
|---|---|---|---|
| 008 | 231217s9999 xx 000 0 und d | ||
| 041 | _aEnglish | ||
| 082 | _a001.6424 WOO;1 R | ||
| 100 | _aWoodgate, Scott. Mohr, Stephen. Loesgen, Brian [et al.] | ||
| 245 | 0 | _aMicrosoft biztalk server 2004 : knowledge, solutions, mastery | |
| 260 |
_c2004 _bSAMS _aIndiana |
||
| 300 | _axvi+745 | ||
| 650 | _aMicrosoft,biztalk,server,2004,knowledge,,solutions,,mastery | ||
| 942 | _cAA | ||
| 999 |
_c182434 _d182434 |
||